Dialekt warmiński
| Titel: | Dialekt warmiński : fonetyka i fonologia / Maria Biolik |
|---|---|
| Verfasser: | |
| Veröffentlicht: | Olsztyn : Wydawnictwo Uniwersytetu Warmińsko-Mazurskiego, [2014] |
| Umfang: | 144 Seiten : Ill. ; 24 cm |
| Format: | Buch |
| Sprache: | Polnisch |
| ISBN: | 8372999287 ; 9788372999283 |
alg: 36203829 001A $00077:15-07-15 001B $03025:18-08-22 $t11:22:54.000 001C $00077:15-07-15 $t07:43:44.000 001D $00077:02-03-16 001U $0utf8 001X $00 002@ $0Aau 002C $aText $btxt $2rdacontent 002D $aohne Hilfsmittel zu benutzen $bn $2rdamedia 002E $aBand $bnc $2rdacarrier 003@ $0362038295 004A $083-7299-928-7 004A $A978-83-7299-928-3 007A $0362038295 $aHEB 010@ $apol 010E $erda 011@ $a2014 $n[2014] 021A $aDialekt warmiński $dfonetyka i fonologia $hMaria Biolik 028A $BVerfasser $#Biolik, M. $4aut $71055750010 $8Biolik, Maria$Z1951- [Tp3] $9345316258 033A $pOlsztyn $nWydawnictwo Uniwersytetu Warmińsko-Mazurskiego 034D $a144 Seiten 034I $a24 cm 034M $aIll. 037A $aLiteraturverzeichnis: Seite 135-139 044A $aJęzyk polski $S4 $xdialekty i regionalizmy 044K $RWoiwodschaft Allenstein $RWoiwodschaft Ermland-Masuren $#Warmia $#Warmien $#Ermeland $#Varmė $#Wārmi $74015327-7 $8Ermland [Tg1] $9085034932 044K $RRegionalsprache $#Dialects $#Régionalismes (linguistique) $#Dialetti $#Dialekt Linguistik $#Regiolekt $#Mundarten $74040725-1 $8Mundart [Ts1] $9085111333 045F $a417.709438 $eDDC23BSB 045F/01 $a417.7 045F/03 $g438 045F/03 $g43832 lok: 36203829 25 exp: 36203829 25 1 #EPN 201B/01 $004-08-25 $t10:59:30.000 201C/01 $015-07-15 201U/01 $0utf8 203@/01 $0757017444 208@/01 $a02-03-16 $bzii 209A/01 $aG 84-4-B56 $dd $f075 $x00 209C/01 $a29757/15 209G/01 $a77184332 $x00 209G/01 $aSlavistik $x01 247C/01 $8651075-9 <77/075>Mainz, Universität Mainz, Bereichsbibliothek Philosophicum, Standort Slavistik $9102600244 lok: 36203829 78 exp: 36203829 78 1 #EPN 201B/01 $018-08-22 $t11:21:26.000 201C/01 $018-08-22 201U/01 $0utf8 203@/01 $01212602358 208@/01 $a18-08-22 $be 209A/01 $a/ $f000 $x00 209A/01 $ab*p $x01 220C/01 $aeja 244Z/01 $#Generalgouvernement Polen $#Polska $#Rzeczpospolita Polska $#Polska Rzeczpospolita Ludowa $#Poland $#Pologne $#République Polonaise $#Generalne Gubernatorstwo w Polsce $#Polish People's Republic $#Polska Rzeczpospolita Polen $#PRL $#RP $#Polen Generalgouvernement $#Polska Generalgouvernement $#Besetzte Polnische Gebiete $#Besetztes Gebiet in Polen $#Okupowane Polskie Obszary $#Obszary Okupowane w Polsce $#Volksrepublik Polen $#Polska Rosyjska $#Republic Polen $#Respublika Pol'ša $#Pol'skaja Narodnaja Respublika $#République de Pologne $#Polen Links der Weichsel $#Polska po Lewej Stronie Wisły $#Lenkija $#Polija $#Gubernija Carstva Pol'skago $#Republik Polen $74046496-9 $8--Tg1--Polen $x01 $9085129801 244Z/01 $#Ostpreußen $#Ostpreußen $#Provinz Ostpreußen $74075754-7 $8--Tg1--Ostpreußen $x12 $9085214493 247C/01 $82080>Marburg/Lahn, Herder-Institut, Forschungsbibliothek, Bibliographieportal $9336309341
| LEADER | 00000cam a2200000 c 4500 | ||
|---|---|---|---|
| 001 | 362038295 | ||
| 003 | DE-603 | ||
| 005 | 20220818112254.0 | ||
| 007 | tu | ||
| 008 | 150715s2014 xx |||| | u00||u|pol c | ||
| 020 | |a 8372999287 | ||
| 020 | |a 9788372999283 | ||
| 035 | |a (DE-599)HEB362038295 | ||
| 040 | |a DE-603 |b ger |c DE-603 |d DE-603 |e rda | ||
| 041 | |a pol | ||
| 082 | 0 | 4 | |8 1\u |a 417.709438 |q DE-101 |2 23/BSB |
| 085 | |8 1\u |b 417.7 | ||
| 085 | |8 1\u |z 2 |s 438 | ||
| 085 | |8 1\u |z 2 |s 43832 | ||
| 100 | 1 | |a Biolik, Maria |d 1951- |e Verfasser |4 aut |0 (DE-603)345316258 |0 (DE-588)1055750010 |2 gnd | |
| 245 | 0 | 0 | |a Dialekt warmiński |b fonetyka i fonologia |c Maria Biolik |
| 264 | 1 | |a Olsztyn |b Wydawnictwo Uniwersytetu Warmińsko-Mazurskiego |c [2014] | |
| 300 | |a 144 Seiten |b Ill. |c 24 cm | ||
| 336 | |a Text |b txt |2 rdacontent | ||
| 337 | |a ohne Hilfsmittel zu benutzen |b n |2 rdamedia | ||
| 338 | |a Band |b nc |2 rdacarrier | ||
| 500 | |a Literaturverzeichnis: Seite 135-139 | ||
| 650 | 7 | |a Mundart |0 (DE-588)4040725-1 |0 (DE-603)085111333 |2 gnd | |
| 651 | 7 | |a Ermland |0 (DE-588)4015327-7 |0 (DE-603)085034932 |2 gnd | |
| 924 | 0 | |9 77/075 |a (DE-603)757017444 |b DE-77-075 |c HES |d d |g G 84-4-B56 | |
| 924 | 0 | |9 2080 |a (DE-603)1212602358 |b DE-2080 |c HES |d d |g / | |


